000 00702cam a22002054a 4500
005 20250605163939.0
008 250528s ||||||||||||||||||||||||d
035 _a14964
020 _a750609419
040 _aGR-AtMCL
_bgre
_dGR-AtMCL
_eAACR2
245 1 _aStudent's Guide to Information Technology / Second Edition
250 _a2nd
260 _bNewnes,
_c1993
300 _a260
520 _aPreface, The Information Revolution, Computers, Computer Peripherals and Applications, Computer Software, Technological Convergence, Communications, Information Systems, IT in the Office, IT in Manufacturing, Index.
700 1 _aCarter Roger
_9783
942 _cBK
999 _c573
_d573